| 000 | 00609nam a2200169 a 4500 | ||
|---|---|---|---|
| 001 | 000042617 | ||
| 005 | 20201002040257.0 | ||
| 008 | 140131s1971 sp 000 p spa d | ||
| 040 |
_aDO-SdBNP _bspa _cBNPHU |
||
| 082 | _axxx | ||
| 245 | 0 | 0 |
_aAntología de la poesía hispanoamericana contemporánea : _b1914-1970 / _cSelección, prólogo y notas de José Olivio Jiménez. |
| 260 |
_aMadrid : _bAlianza, _c1971. |
||
| 300 |
_a508 p. ; _c18 cm,. |
||
| 490 | 1 |
_aEl libro de bolsillo _aliteratura _v289 |
|
| 700 | 1 | 2 |
_aJiménez, José Olivio, _d1926-2003 _969874 |
| 830 | 0 |
_aEl libro de Bolsillo _pliteratura _n289 _969875 |
|
| 999 |
_c42106 _d42106 |
||